LEADER 01888nam0-2200517---450- 001 990000813980203316 005 20090715153202.0 010 $a88-14-09082-3 035 $a0081398 035 $aUSA010081398 035 $a(ALEPH)000081398USA01 035 $a0081398 100 $a20011220d2001----km-y0itay0103----ba 101 0 $aita 102 $aIT 105 $ay|||n|||001yy 200 1 $aCooperazione stable, plurisoggettiva e contraente unico$fTroiano Onofrio 210 $aMilano$cGiuffré$d2001 215 $aXIV, 257$d24 cm 225 2 $aUniversità degli studi di Foggia$fFacoltà di giurisprudenza 410 0$aUniversità degli studi di Foggia, Facoltà di giurisprudenza, Dipartimenti di scienze giuridiche privatistiche e pubblicistiche, Scuola di specializzazione per le professioni legali$1210$fFacoltà di giurisprudenza 606 $aDebitori$xDiritto$yItalia 606 $aDebitori$xDiritto$yGermania 606 $aCreditori$xDiritto$yItalia 606 $aCreditori$xDiritto$yGermania 676 $a346.4077 700 1$aTROIANO,$bOnofrio$0237839 801 0$aIT$bsalbc$gISBD 912 $a990000813980203316 951 $aXXV.1.H 308 (IG I 1772)$b31032 G.$cXXV.1.H 308 (IG I)$d00077104 951 $aB11 369$b3206 959 $aBK 969 $aGIU 969 $aDIRCE 979 $aCHIARA$b90$c20011220$lUSA01$h1056 979 $aPATTY$b90$c20020320$lUSA01$h1329 979 $c20020403$lUSA01$h1727 979 $aPATRY$b90$c20040406$lUSA01$h1656 979 $aDIRCE$b90$c20040902$lUSA01$h1017 979 $aDIRCE$b90$c20041025$lUSA01$h1314 979 $aRSIAV2$b90$c20090715$lUSA01$h1532 979 $aCHIARA$b90$c20091222$lUSA01$h1041 979 $aCHIARA$b90$c20091222$lUSA01$h1057 979 $aCHIARA$b90$c20110524$lUSA01$h1533 996 $aCooperazione stable, plurisoggettiva e contraente unico$9966695 997 $aUNISA LEADER 01473nam--2200397---450- 001 990002078610203316 005 20091119113205.0 010 $a88-14-10234-1 035 $a000207861 035 $aUSA01000207861 035 $a(ALEPH)000207861USA01 035 $a000207861 100 $a20041013d2003----km-y0enga50------ba 101 $aita 102 $aIT 105 $a||||||||001yy 200 1 $a<> disciplina della subfornitura nelle attività produttive$ecommento alla legge 18 giugno 1998, n. 192 come modificata dalla legge 5 marzo 2001, n. 57 e dal decreto legislativo 9 ottobre 2002, n. 231$fCarlo Berti, Barbara Grazzini 210 $aMilano$cA. Giuffrè$d2003 215 $aVIII, 247 p.$d24 cm 225 2 $aResponsabilità, comunicazione, impresa$v10 410 0$12001$aResponsabilità, comunicazione, impresa$v10 606 0 $aSubcontratto di fornitura 676 $a346.45024 700 1$aBERTI,$bCarlo$03718 701 1$aGRAZZINI,$bBarbara$0279566 801 0$aIT$bsalbc$gISBD 912 $a990002078610203316 951 $aXXX.B. Coll. 5/ 9 (COLL PVI 10)$b42515 G.$cXXX.B. Coll. 5/ 9 (COLL PVI)$d00136057 959 $aBK 969 $aGIU 979 $aACQUISTI$b10$c20041013$lUSA01$h1551 979 $aANNASEN$b90$c20050208$lUSA01$h1542 979 $aRSIAV4$b90$c20091119$lUSA01$h0956 979 $aRSIAV4$b90$c20091119$lUSA01$h1132 996 $aDisciplina della subfornitura nelle attività produttive$91041894 997 $aUNISA